000 00587nam a2200229Ia 4500
003 OSt
005 20221005065733.0
006 a|||||r|||| 00| 0
007 ta
008 221004b |||||||| |||| 00| 0 eng d
024 _a53146
037 _cTextual
040 _aCRL
_cCRL
_beng
041 _2eng
_aeng
082 _aR39(G:5), M3
245 0 _aPhilosophy and the ecological problems of civilisation
260 _aMoscow
_bProgress
_c1983
300 _a410p.
_ccm.
650 _aPHILOSOPHY
942 _hR39(G:5), M3
_cTEXL
_2cc
999 _c975117
_d975117